000 00567nam a2200181Ia 4500
008 100917s9999 xx 000 0 und d
082 _b23298
100 _aटोळ दत्ता श्री.
245 _aखानाची फजिती
260 _bअरगडे, कुलकर्णी प्रकाशन
_c1974
300 _a20
365 _b1
520 _aबालविभाग
630 _aखानाची फजिती
650 _aबालविभाग
730 _aखानाची फजिती
942 _cBOOK
999 _c628692
_d628689